[Event "HUN-ch Rapid 2019"]
[Site "Ajka"]
[Date "2019.07.21"]
[Round "13.9"]
[White "Csiszar, Csaba"]
[Black "Horvath, Adam"]
[Result "0-1"]
[WhiteElo "2432"]
[BlackElo "2517"]
[Annotator "ChessBase"]
[PlyCount "136"]
[EventDate "2019.07.18"]
[EventType "swiss"]
[EventCountry "HUN"]
[SourceTitle "playchess.com"]
[Source "ChessBase"]
[SourceQuality "1"]
[TimeControl "1200+5"]

1. d4 Nf6 2. Nf3 e6 3. e3 c5 4. Bd3 Nc6 5. a3 d5 6. b3 b6 7. Bb2 Bb7 8. Nbd2 cxd4 9. exd4 g6 10. O-O Bg7 11. Qe2 O-O 12. Rac1 Rc8 13. Rfe1 Qc7 14. c4 dxc4 15. bxc4 Rfe8 16. h3 Qb8 17. Qe3 a6 18. Ne4 Nxe4 19. Bxe4 b5 20. c5 Ne7 21. Ne5 Bxe5 22. dxe5 Bxe4 23. Qxe4 Red8 24. h4 Rd5 25. h5 Nc6 26. Re3 Qa7 27. Rg3 Qe7 28. Re1 Rcd8 29. Kh2 Rxc5 30. Ree3 Rc4 31. Qf3 Qh4+ 32. Rh3 Qf4+ 33. Qxf4 Rxf4 34. hxg6 hxg6 35. f3 Rc4 36. Bc3 Rd5 37. g4 Rdc5 38. Be1 Rxe5 39. Bc3 Rxc3 40. Rxc3 Nd4 41. Rc8+ Kg7 42. Kg3 Ne2+ 43. Kf2 Nf4 44. Rhh8 Re2+ 45. Kf1 g5 46. Rhg8+ Kf6 47. Ra8 Re3 48. Kf2 Rxa3 49. Ra7 Ng6 50. Rga8 Ne5 51. Rxa6 Rxf3+ 52. Kg2 Rf4 53. Rb6 Rxg4+ 54. Kh3 Rb4 55. Ra7 Rb3+ 56. Kg2 Rb2+ 57. Kg3 Nc4 58. Rbb7 Nd6 59. Rd7 Ke5 60. Ra6 Rd2 61. Kf3 f5 62. Rc7 g4+ 63. Ke3 Rd5 64. Ke2 f4 65. Rg7 f3+ 66. Ke1 Ne4 67. Rg6 f2+ 68. Ke2 Rd2+ 0-1

[Event "HUN-ch Rapid 2019"]
[Site "Ajka"]
[Date "2019.07.21"]
[Round "13.10"]
[White "Gelle, Istvan"]
[Black "Medvegy, Zoltan"]
[Result "0-1"]
[WhiteElo "2325"]
[BlackElo "2539"]
[Annotator "ChessBase"]
[PlyCount "80"]
[EventDate "2019.07.18"]
[EventType "swiss"]
[EventCountry "HUN"]
[SourceTitle "playchess.com"]
[Source "ChessBase"]
[SourceQuality "1"]
[TimeControl "1200+5"]

1. d4 {[%emt 0:00:01]} e6 {[%emt 0:00:11]} 2. Bf4 {[%emt 0:00:04]} c5 {[%emt 0:00:03]} 3. e3 {[%emt 0:00:03]} Nf6 {[%emt 0:00:15]} 4. c3 {[%emt 0:00:04]} Be7 {[%emt 0:00:06]} 5. Nd2 {[%emt 0:00:05]} O-O {[%emt 0:00:04]} 6. h3 {[%emt 0:00:05]} b6 {[%emt 0:00:05]} 7. Ngf3 {[%emt 0:00:02]} d6 {[%emt 0:00:21]} 8. a4 {[%emt 0:00:05]} cxd4 {[%emt 0:00:09]} 9. exd4 {[%emt 0:00:02]} a6 {[%emt 0:00:45]} 10. Be2 {[%emt 0:00:11]} Bb7 {[%emt 0:00:03]} 11. O-O {[%emt 0:00:03]} Nbd7 {[%emt 0:00:04]} 12. Bh2 {[%emt 0:00:06]} Re8 {[%emt 0:00:05]} 13. Re1 {[%emt 0:00:14]} Nf8 {[%emt 0:00:08]} 14. Qb3 {[%emt 0:00:34]} Ng6 {[%emt 0:00:36]} 15. Nc4 {[%emt 0:00:56]} Rb8 {[%emt 0:00:25]} 16. Nfd2 {[%emt 0:00:40]} Bc6 {[%emt 0:03:20]} 17. Ne3 {[%emt 0:01:18]} Qc8 {[%emt 0:00:24]} 18. Ndc4 {[%emt 0:01:40]} Qc7 {[%emt 0:00:08]} 19. Qa3 {[%emt 0:00:55]} Red8 {[%emt 0:00:27]} 20. a5 {[%emt 0:00:27]} b5 {[%emt 0:00:16]} 21. Nb6 {[%emt 0:00:01]} Qb7 {[%emt 0:01:07]} 22. b4 {[%emt 0:00:26]} Nd5 {[%emt 0:01:59]} 23. Nexd5 {[%emt 0:00:51]} Bxd5 {[%emt 0:00:01]} 24. Bf1 {[%emt 0:01:09]} Nf8 {[%emt 0:00:18]} 25. Rec1 {[%emt 0:01:25]} Bf6 {[%emt 0:05:44]} 26. Qb2 {[%emt 0:01:55]} Nd7 {[%emt 0:00:01]} 27. Bxd6 {[%emt 0:00:05]} Nxb6 {[%emt 0:00:05]} 28. Bxb8 {[%emt 0:00:00]} Nc4 {[%emt 0:00:50]} 29. Bxc4 bxc4 30. Bg3 {[%emt 0:02:24]} Bxg2 {[%emt 0:00:08]} 31. Kh2 {[%emt 0:00:15]} Bc6 {[%emt 0:01:22]} 32. Rg1 {[%emt 0:00:06]} Rd5 {[%emt 0:00:25]} 33. Qe2 {[%emt 0:00:11]} Qb5 {[%emt 0:00:02]} 34. Rae1 {[%emt 0:00:19]} Rf5 {[%emt 0:00:55]} 35. Be5 {[%emt 0:00:53]} Bg5 {[%emt 0:00:34]} 36. Rg3 {[%emt 0:00:44]} Qd5 {[%emt 0:00:41]} 37. f4 {[%emt 0:01:02]} Bh4 {[%emt 0:00:52]} 38. Rxg7+ {[%emt 0:00:13]} Kf8 {[%emt 0:00:00]} 39. Qg4 {[%emt 0:00:30]} Bxe1 {[%emt 0:00:07]} 40. Rg8+ {[%emt 0:00:10]} Ke7 {[%emt 0:00:00]} 0-1

[Event "HUN-ch Rapid 2019"]
[Site "Ajka"]
[Date "2019.07.21"]
[Round "13.11"]
[White "Farago, Ivan"]
[Black "Terbe, Julianna"]
[Result "0-1"]
[WhiteElo "2350"]
[BlackElo "2298"]
[Annotator "NA"]
[PlyCount "88"]
[EventDate "2019.07.18"]
[EventType "swiss"]
[EventCountry "HUN"]
[SourceTitle "playchess.com"]
[Source "ChessBase"]
[SourceQuality "1"]
[TimeControl "1200+5"]

1. d4 {[%emt 0:00:02]} d5 {[%emt 0:00:01]} 2. c4 {[%emt 0:00:02]} c6 {[%emt 0:00:01]} 3. cxd5 {[%emt 0:00:01]} cxd5 {[%emt 0:00:02]} 4. Bg5 {[%emt 0:00:02]} Nc6 {[%emt 0:01:00]} 5. Nc3 {[%emt 0:00:04]} Bf5 {[%emt 0:00:58]} 6. e4 {[%emt 0:00:45]} Bxe4 {[%emt 0:00:57]} 7. Nxe4 {[%emt 0:00:11]} dxe4 {[%emt 0:00:01]} 8. d5 {[%emt 0:00:01]} Ne5 {[%emt 0:00:30]} 9. Bb5+ {[%emt 0:02:04]} Nd7 {[%emt 0:00:02]} 10. Ne2 {[%emt 0:00:37]} a6 {[%emt 0:01:47]} 11. Ba4 {[%emt 0:00:03]} h6 {[%emt 0:00:27]} 12. Be3 {[%emt 0:00:16]} Ngf6 {[%emt 0:00:17]} 13. Nc3 {[%emt 0:00:12]} g6 {[%emt 0:00:33]} 14. O-O {[%emt 0:00:34]} Bg7 {[%emt 0:00:06]} 15. Bc2 {[%emt 0:00:13]} O-O {[%emt 0:00:19]} 16. Nxe4 {[%emt 0:00:02]} Kh7 {[%emt 0:01:27]} 17. d6 {[%emt 0:01:11]} Rc8 {[%emt 0:01:28]} 18. Nc3 {[%emt 0:00:34]} Ne5 {[%emt 0:00:53]} 19. dxe7 {[%emt 0:00:19]} Qxe7 {[%emt 0:00:01]} 20. Re1 {[%emt 0:00:56]} Qb4 {[%emt 0:00:49]} 21. Rb1 {[%emt 0:00:59]} Nc4 {[%emt 0:00:52]} 22. Bc1 {[%emt 0:00:24]} Rfd8 {[%emt 0:00:50]} 23. Qe2 {[%emt 0:00:42]} Re8 {[%emt 0:00:19]} 24. Qf1 {[%emt 0:00:03]} Na3 {[%emt 0:01:43]} 25. Rxe8 {[%emt 0:01:21]} Rxe8 {[%emt 0:00:06]} 26. Bxg6+ {[%emt 0:00:53]} fxg6 {[%emt 0:00:06]} 27. bxa3 {[%emt 0:00:05]} Qxc3 {[%emt 0:00:02]} 28. Bb2 {[%emt 0:00:11]} Qc6 {[%emt 0:00:20]} 29. h3 {[%emt 0:00:05]} b5 {[%emt 0:00:06]} 30. Rc1 {[%emt 0:00:03]} Qd7 {[%emt 0:00:08]} 31. Rd1 Qe6 {[%emt 0:00:05]} 32. Qd3 {[%emt 0:00:18]} Qxa2 {[%emt 0:00:33]} 33. Bxf6 {[%emt 0:00:17]} Bxf6 {[%emt 0:00:01]} 34. Qd6 {[%emt 0:00:08]} Qe6 {[%emt 0:00:19]} 35. Qc5 {[%emt 0:00:07]} Bg7 {[%emt 0:00:28]} 36. Qc7 {[%emt 0:00:29]} Re7 {[%emt 0:00:10]} 37. Qd8 {[%emt 0:00:05]} Rf7 {[%emt 0:00:15]} 38. Qd2 {[%emt 0:00:11]} Qf6 {[%emt 0:00:13]} 39. g3 {[%emt 0:00:10]} Qf3 {[%emt 0:00:15]} 40. Rf1 {[%emt 0:00:45]} Qxa3 {[%emt 0:00:24]} 41. Qd5 {[%emt 0:00:01]} Qf3 {[%emt 0:00:06]} 42. Qd6 {[%emt 0:00:02]} a5 {[%emt 0:00:15]} 43. Qb6 {[%emt 0:00:10]} a4 {[%emt 0:00:05]} 44. Qxb5 {[%emt 0:00:01]} Bd4 {[%emt 0:00:09]} 0-1

[Event "HUN-ch Rapid 2019"]
[Site "Ajka"]
[Date "2019.07.21"]
[Round "13.12"]
[White "Dankhazi, Andras"]
[Black "Csati, Oliver"]
[Result "1/2-1/2"]
[WhiteElo "2277"]
[BlackElo "2233"]
[Annotator "NA"]
[PlyCount "86"]
[EventDate "2019.07.18"]
[EventType "swiss"]
[EventCountry "HUN"]
[SourceTitle "playchess.com"]
[Source "ChessBase"]
[SourceQuality "1"]
[TimeControl "1200+5"]

1. d4 {[%emt 0:00:04]} Nf6 {[%emt 0:00:02]} 2. c4 {[%emt 0:00:19]} e6 {[%emt 0:00:02]} 3. Nf3 {[%emt 0:00:01]} d5 {[%emt 0:00:07]} 4. g3 {[%emt 0:00:05]} Be7 {[%emt 0:00:13]} 5. Bg2 {[%emt 0:00:09]} O-O {[%emt 0:00:10]} 6. O-O {[%emt 0:00:34]} dxc4 {[%emt 0:00:07]} 7. Ne5 {[%emt 0:00:01]} Nc6 {[%emt 0:00:13]} 8. Nxc6 {[%emt 0:00:09]} bxc6 {[%emt 0:00:02]} 9. Na3 {[%emt 0:00:01]} Bxa3 {[%emt 0:01:16]} 10. bxa3 {[%emt 0:00:01]} Rb8 {[%emt 0:02:03]} 11. Qa4 {[%emt 0:01:27]} Qxd4 {[%emt 0:04:55]} 12. Be3 {[%emt 0:00:04]} Qb2 {[%emt 0:01:39]} 13. Qxc4 {[%emt 0:03:20]} Qb5 {[%emt 0:00:58]} 14. Qxb5 {[%emt 0:01:17]} Rxb5 {[%emt 0:00:14]} 15. Bxa7 {[%emt 0:02:21]} Ra5 {[%emt 0:01:15]} 16. Bb8 {[%emt 0:02:03]} Rxa3 {[%emt 0:00:30]} 17. Bxc7 {[%emt 0:00:14]} Ra7 {[%emt 0:01:37]} 18. Bb6 {[%emt 0:00:38]} Ra6 {[%emt 0:00:16]} 19. Bc5 {[%emt 0:00:01]} Re8 {[%emt 0:01:01]} 20. Rfc1 {[%emt 0:02:00]} e5 {[%emt 0:00:18]} 21. a4 {[%emt 0:01:02]} Be6 {[%emt 0:00:33]} 22. Bb4 {[%emt 0:00:12]} Bd5 {[%emt 0:00:10]} 23. Bf1 {[%emt 0:00:01]} e4 {[%emt 0:01:09]} 24. e3 {[%emt 0:00:32]} Raa8 {[%emt 0:00:04]} 25. a5 {[%emt 0:00:06]} Nd7 {[%emt 0:00:47]} 26. a6 {[%emt 0:02:54]} Ne5 {[%emt 0:00:06]} 27. Bc5 {[%emt 0:00:07]} Nf3+ {[%emt 0:01:18]} 28. Kg2 {[%emt 0:00:01]} Nd2 {[%emt 0:00:01]} 29. Ra3 {[%emt 0:00:40]} Nb3 {[%emt 0:00:41]} 30. Rc3 {[%emt 0:00:03]} Nxc5 {[%emt 0:00:01]} 31. Rxc5 {[%emt 0:00:01]} Ra7 {[%emt 0:00:05]} 32. Be2 {[%emt 0:00:07]} Rea8 {[%emt 0:00:10]} 33. Ra1 {[%emt 0:00:21]} Kf8 {[%emt 0:00:04]} 34. Rb1 {[%emt 0:00:01]} Ke7 {[%emt 0:00:08]} 35. Rc2 {[%emt 0:00:07]} Kd6 {[%emt 0:00:20]} 36. Rcb2 {[%emt 0:00:01]} g5 {[%emt 0:00:14]} 37. Rb7 {[%emt 0:00:59]} Rxb7 {[%emt 0:00:08]} 38. Rxb7 {[%emt 0:00:03]} c5 {[%emt 0:00:04]} 39. Rb6+ {[%emt 0:00:05]} Kc7 {[%emt 0:00:03]} 40. Rb5 {[%emt 0:00:20]} Kc6 {[%emt 0:00:09]} 41. Ra5 {[%emt 0:00:10]} c4 {[%emt 0:00:05]} 42. Kf1 {[%emt 0:00:04]} Be6 {[%emt 0:00:01]} 43. Ke1 {[%emt 0:00:34]} Kb6 {[%emt 0:00:01]} 1/2-1/2

[Event "HUN-ch Rapid 2019"]
[Site "Ajka"]
[Date "2019.07.21"]
[Round "13.13"]
[White "Csonka, Balazs"]
[Black "Borhy, Marcell"]
[Result "1/2-1/2"]
[WhiteElo "2472"]
[BlackElo "2382"]
[Annotator "ChessBase"]
[PlyCount "92"]
[EventDate "2019.07.18"]
[EventType "swiss"]
[EventCountry "HUN"]
[SourceTitle "playchess.com"]
[Source "ChessBase"]
[SourceQuality "1"]
[TimeControl "1200+5"]

1. c4 {[%emt 0:00:01]} e5 {[%emt 0:00:02]} 2. Nc3 {[%emt 0:00:03]} d6 {[%emt 0:00:06]} 3. Nf3 {[%emt 0:01:18]} Nf6 {[%emt 0:00:09]} 4. g3 {[%emt 0:01:01]} c6 {[%emt 0:00:17]} 5. Bg2 {[%emt 0:00:53]} Be7 {[%emt 0:00:02]} 6. O-O {[%emt 0:00:38]} O-O {[%emt 0:00:16]} 7. Rb1 {[%emt 0:01:17]} Be6 {[%emt 0:00:21]} 8. d3 {[%emt 0:00:11]} h6 {[%emt 0:00:04]} 9. b4 {[%emt 0:00:31]} Nbd7 {[%emt 0:00:01]} 10. e4 {[%emt 0:02:47]} d5 {[%emt 0:00:58]} 11. exd5 {[%emt 0:00:20]} cxd5 {[%emt 0:00:02]} 12. Qe2 {[%emt 0:00:04]} Qc7 {[%emt 0:01:44]} 13. Nb5 {[%emt 0:04:07]} Qb8 {[%emt 0:00:08]} 14. Re1 {[%emt 0:00:02]} a6 {[%emt 0:01:53]} 15. Nc3 {[%emt 0:00:06]} d4 {[%emt 0:00:45]} 16. Ne4 {[%emt 0:01:08]} Nxe4 {[%emt 0:01:26]} 17. Qxe4 {[%emt 0:00:02]} Bd6 {[%emt 0:00:33]} 18. Nh4 {[%emt 0:01:09]} Ra7 {[%emt 0:03:11]} 19. Nf5 {[%emt 0:00:18]} Re8 {[%emt 0:00:28]} 20. Nxd6 {[%emt 0:02:55]} Qxd6 {[%emt 0:00:02]} 21. f4 {[%emt 0:00:17]} f6 {[%emt 0:00:30]} 22. fxe5 {[%emt 0:01:23]} Nxe5 {[%emt 0:00:11]} 23. Bf4 {[%emt 0:00:40]} Bf7 {[%emt 0:00:08]} 24. Bxe5 {[%emt 0:00:20]} fxe5 {[%emt 0:00:26]} 25. a4 {[%emt 0:00:12]} b6 26. Qc6 {[%emt 0:00:04]} Qg6 {[%emt 0:01:36]} 27. Qxg6 {[%emt 0:00:11]} Bxg6 {[%emt 0:00:02]} 28. Be4 {[%emt 0:00:05]} Kh7 {[%emt 0:00:33]} 29. Rb2 {[%emt 0:00:09]} Bxe4 {[%emt 0:00:54]} 30. Rxe4 {[%emt 0:00:02]} a5 {[%emt 0:00:02]} 31. b5 {[%emt 0:00:06]} Kg6 {[%emt 0:00:08]} 32. Rbe2 {[%emt 0:00:12]} Rae7 {[%emt 0:00:04]} 33. Kf2 {[%emt 0:00:04]} Kf6 {[%emt 0:00:16]} 34. Ke1 {[%emt 0:00:01]} Rc8 {[%emt 0:00:41]} 35. Kd2 {[%emt 0:00:06]} Rc5 {[%emt 0:00:02]} 36. Rf2+ {[%emt 0:00:05]} Ke6 {[%emt 0:00:01]} 37. Rf8 {[%emt 0:00:05]} Kd6 {[%emt 0:00:05]} 38. Ke2 {[%emt 0:00:10]} Rcc7 {[%emt 0:00:05]} 39. Kd2 {[%emt 0:00:04]} Rf7 {[%emt 0:01:26]} 40. Rd8+ {[%emt 0:00:06]} Rcd7 {[%emt 0:00:04]} 41. Re8 {[%emt 0:00:04]} Rde7 {[%emt 0:00:05]} 42. Rd8+ {[%emt 0:00:02]} Rd7 {[%emt 0:00:01]} 43. Rb8 {[%emt 0:00:04]} Rb7 {[%emt 0:00:01]} 44. Re8 {[%emt 0:00:10]} Rbe7 {[%emt 0:00:02]} 45. Rd8+ {[%emt 0:00:02]} Rd7 {[%emt 0:00:01]} 46. Rb8 {[%emt 0:00:08]} Rb7 {[%emt 0:00:01]} 1/2-1/2

[Event "HUN-ch Rapid 2019"]
[Site "Ajka"]
[Date "2019.07.21"]
[Round "13.14"]
[White "Egresi, Mate"]
[Black "Karacsonyi, Gellert"]
[Result "0-1"]
[WhiteElo "2341"]
[BlackElo "2315"]
[Annotator "NA"]
[PlyCount "128"]
[EventDate "2019.07.18"]
[EventType "swiss"]
[EventCountry "HUN"]
[SourceTitle "playchess.com"]
[Source "ChessBase"]
[SourceQuality "1"]
[TimeControl "1200+5"]

1. d4 {[%emt 0:00:32]} Nf6 {[%emt 0:00:01]} 2. c4 {[%emt 0:00:05]} e6 {[%emt 0:00:01]} 3. Nf3 {[%emt 0:00:02]} d5 {[%emt 0:00:01]} 4. Nc3 {[%emt 0:00:12]} Nbd7 {[%emt 0:00:02]} 5. cxd5 {[%emt 0:00:12]} exd5 {[%emt 0:00:01]} 6. Bf4 {[%emt 0:00:09]} c6 {[%emt 0:00:58]} 7. e3 {[%emt 0:00:03]} Be7 {[%emt 0:00:01]} 8. Bd3 {[%emt 0:00:02]} O-O {[%emt 0:00:12]} 9. h3 {[%emt 0:00:01]} Re8 {[%emt 0:00:01]} 10. Qc2 {[%emt 0:00:02]} b6 {[%emt 0:01:48]} 11. O-O {[%emt 0:00:40]} Bb7 {[%emt 0:00:27]} 12. Ne5 {[%emt 0:00:12]} c5 {[%emt 0:01:41]} 13. Qa4 {[%emt 0:01:38]} Nxe5 {[%emt 0:01:33]} 14. Bxe5 {[%emt 0:00:18]} Bd6 {[%emt 0:00:59]} 15. Bxd6 {[%emt 0:01:14]} Qxd6 {[%emt 0:00:01]} 16. Rfd1 {[%emt 0:01:13]} a6 {[%emt 0:00:56]} 17. Qa3 {[%emt 0:00:49]} Red8 {[%emt 0:02:54]} 18. dxc5 {[%emt 0:02:02]} bxc5 {[%emt 0:02:23]} 19. Na4 {[%emt 0:00:14]} Rac8 {[%emt 0:00:10]} 20. Rac1 {[%emt 0:00:03]} c4 {[%emt 0:00:15]} 21. Qxd6 {[%emt 0:00:03]} Rxd6 {[%emt 0:00:02]} 22. Bf5 {[%emt 0:01:51]} Rcd8 {[%emt 0:00:00]} 23. Rd4 {[%emt 0:00:19]} Ne8 {[%emt 0:01:26]} 24. Rcd1 {[%emt 0:00:24]} g6 {[%emt 0:00:27]} 25. Bg4 {[%emt 0:00:24]} f5 {[%emt 0:00:19]} 26. Bf3 {[%emt 0:00:04]} Nc7 {[%emt 0:01:33]} 27. Nc3 {[%emt 0:00:22]} Bc6 {[%emt 0:01:05]} 28. R4d2 {[%emt 0:00:13]} Kf7 {[%emt 0:00:49]} 29. Kf1 {[%emt 0:00:03]} Ke6 {[%emt 0:00:09]} 30. Ne2 {[%emt 0:00:02]} Nb5 {[%emt 0:00:12]} 31. Nd4+ {[%emt 0:01:48]} Nxd4 {[%emt 0:00:03]} 32. Rxd4 {[%emt 0:00:02]} a5 {[%emt 0:00:15]} 33. b3 {[%emt 0:01:42]} cxb3 {[%emt 0:00:25]} 34. axb3 {[%emt 0:00:01]} Rb8 {[%emt 0:00:00]} 35. Ra1 {[%emt 0:00:32]} Rxb3 {[%emt 0:00:44]} 36. Rxa5 {[%emt 0:00:27]} Rb1+ {[%emt 0:00:02]} 37. Bd1 {[%emt 0:00:11]} Rd7 {[%emt 0:00:12]} 38. Kg1 {[%emt 0:00:10]} Rdb7 {[%emt 0:00:15]} 39. Kh2 {[%emt 0:00:31]} R1b2 {[%emt 0:00:06]} 40. Kg3 {[%emt 0:00:24]} R7b4 {[%emt 0:00:23]} 41. Rxb4 {[%emt 0:00:45]} Rxb4 {[%emt 0:00:01]} 42. Ra6 {[%emt 0:00:27]} Kd6 {[%emt 0:00:01]} 43. Bf3 {[%emt 0:00:17]} g5 {[%emt 0:00:18]} 44. Ra7 {[%emt 0:00:28]} Bb7 {[%emt 0:00:01]} 45. Bd1 {[%emt 0:00:55]} Ke5 {[%emt 0:00:06]} 46. Bc2 {[%emt 0:00:26]} f4+ {[%emt 0:00:05]} 47. exf4+ {[%emt 0:00:30]} gxf4+ {[%emt 0:00:01]} 48. Kg4 {[%emt 0:00:08]} Bc8+ {[%emt 0:00:05]} 49. Kg5 {[%emt 0:00:04]} Rb2 {[%emt 0:00:11]} 50. Rc7 {[%emt 0:00:27]} Be6 {[%emt 0:00:02]} 51. h4 {[%emt 0:00:13]} Kd6 {[%emt 0:00:00]} 52. Rc3 {[%emt 0:00:08]} d4 {[%emt 0:00:01]} 53. Rd3 {[%emt 0:00:01]} Rxc2 {[%emt 0:00:05]} 54. Rxd4+ {[%emt 0:00:01]} Ke5 {[%emt 0:00:02]} 55. Ra4 {[%emt 0:00:14]} Rxf2 {[%emt 0:00:04]} 56. Kh6 {[%emt 0:00:10]} Rxg2 {[%emt 0:00:06]} 57. h5 {[%emt 0:00:05]} f3 {[%emt 0:00:11]} 58. Ra3 {[%emt 0:00:07]} f2 {[%emt 0:00:05]} 59. Rf3 {[%emt 0:00:01]} Bc4 {[%emt 0:00:06]} 60. Kxh7 {[%emt 0:00:02]} f1=Q {[%emt 0:00:04]} 61. Rxf1 {[%emt 0:00:01]} Bxf1 {[%emt 0:00:01]} 62. h6 {[%emt 0:00:01]} Bd3+ {[%emt 0:00:08]} 63. Kh8 {[%emt 0:00:01]} Rg1 {[%emt 0:00:05]} 64. h7 {[%emt 0:00:02]} Rh1 {[%emt 0:00:02]} 0-1

[Event "HUN-ch Rapid 2019"]
[Site "Ajka"]
[Date "2019.07.21"]
[Round "13.15"]
[White "Marosi, Levente"]
[Black "Emodi, Barnabas"]
[Result "0-1"]
[WhiteElo "2225"]
[BlackElo "2365"]
[Annotator "NA"]
[PlyCount "86"]
[EventDate "2019.07.18"]
[EventType "swiss"]
[EventCountry "HUN"]
[SourceTitle "playchess.com"]
[Source "ChessBase"]
[SourceQuality "1"]
[TimeControl "1200+5"]

1. e4 {[%emt 0:00:02]} c5 {[%emt 0:00:18]} 2. Nf3 {[%emt 0:00:02]} d6 {[%emt 0:00:05]} 3. d4 {[%emt 0:00:01]} cxd4 {[%emt 0:00:04]} 4. Nxd4 {[%emt 0:00:02]} e5 {[%emt 0:00:02]} 5. Bb5+ {[%emt 0:00:39]} Bd7 {[%emt 0:00:02]} 6. Bxd7+ {[%emt 0:00:06]} Qxd7 {[%emt 0:00:03]} 7. Nf5 {[%emt 0:01:33]} Nf6 {[%emt 0:00:06]} 8. Nc3 {[%emt 0:01:25]} Nxe4 {[%emt 0:00:08]} 9. Nxg7+ {[%emt 0:00:55]} Bxg7 {[%emt 0:00:04]} 10. Nxe4 {[%emt 0:00:01]} d5 {[%emt 0:00:08]} 11. Bh6 {[%emt 0:01:24]} O-O {[%emt 0:00:20]} 12. Bxg7 {[%emt 0:00:13]} Kxg7 {[%emt 0:00:06]} 13. Ng3 {[%emt 0:00:30]} Nc6 {[%emt 0:00:57]} 14. O-O {[%emt 0:01:12]} f5 {[%emt 0:00:10]} 15. f4 {[%emt 0:01:45]} e4 {[%emt 0:00:21]} 16. c3 {[%emt 0:01:21]} Rad8 {[%emt 0:00:36]} 17. Qh5 {[%emt 0:00:16]} Qf7 {[%emt 0:02:20]} 18. Qh4 {[%emt 0:01:32]} Rd6 {[%emt 0:00:33]} 19. Rad1 {[%emt 0:01:00]} Kh8 {[%emt 0:07:48]} 20. Rd2 {[%emt 0:00:26]} Rg8 {[%emt 0:00:47]} 21. Qh5 {[%emt 0:01:31]} Qxh5 {[%emt 0:01:20]} 22. Nxh5 {[%emt 0:00:01]} d4 {[%emt 0:00:53]} 23. Ng3 {[%emt 0:00:06]} Rxg3 {[%emt 0:01:21]} 24. hxg3 {[%emt 0:00:03]} d3 {[%emt 0:00:02]} 25. Re1 {[%emt 0:00:36]} h5 {[%emt 0:00:02]} 26. Kf2 {[%emt 0:00:20]} Kg7 {[%emt 0:00:01]} 27. Rh1 {[%emt 0:01:17]} Kg6 {[%emt 0:00:08]} 28. g4 {[%emt 0:00:01]} fxg4 {[%emt 0:00:16]} 29. Ke3 {[%emt 0:00:04]} Re6 {[%emt 0:00:25]} 30. f5+ {[%emt 0:00:01]} Kxf5 {[%emt 0:00:01]} 31. Rxh5+ {[%emt 0:00:01]} Kg6 {[%emt 0:00:04]} 32. Rc5 {[%emt 0:00:45]} Ne7 {[%emt 0:00:06]} 33. Rd1 {[%emt 0:01:47]} b6 {[%emt 0:00:37]} 34. Rc4 {[%emt 0:00:17]} Nf5+ {[%emt 0:00:13]} 35. Kd2 {[%emt 0:00:06]} b5 {[%emt 0:01:11]} 36. Rc5 {[%emt 0:00:24]} Rd6 {[%emt 0:00:15]} 37. Re1 {[%emt 0:00:35]} e3+ {[%emt 0:00:04]} 38. Kd1 {[%emt 0:00:02]} e2+ {[%emt 0:00:08]} 39. Kd2 {[%emt 0:00:05]} Ng3 {[%emt 0:00:01]} 40. Rb1 {[%emt 0:00:46]} Ne4+ {[%emt 0:00:05]} 41. Ke3 {[%emt 0:00:03]} Nxc5 {[%emt 0:00:02]} 42. b4 {[%emt 0:00:03]} d2 {[%emt 0:00:04]} 43. Kxe2 {[%emt 0:00:03]} Ne4 {[%emt 0:00:01]} 0-1

[Event "HUN-ch Rapid 2019"]
[Site "Ajka"]
[Date "2019.07.21"]
[Round "13.16"]
[White "Balint, Vilmos"]
[Black "Bodi, Tibor"]
[Result "0-1"]
[WhiteElo "2203"]
[BlackElo "2244"]
[Annotator "NA"]
[PlyCount "106"]
[EventDate "2019.07.18"]
[EventType "swiss"]
[EventCountry "HUN"]
[SourceTitle "playchess.com"]
[Source "ChessBase"]
[SourceQuality "1"]
[TimeControl "1200+5"]

1. Nf3 {[%emt 0:00:01]} d5 {[%emt 0:00:04]} 2. g3 {[%emt 0:00:01]} Nf6 {[%emt 0:00:02]} 3. Bg2 {[%emt 0:00:01]} e6 {[%emt 0:00:00]} 4. O-O {[%emt 0:00:06]} Be7 {[%emt 0:00:01]} 5. c4 {[%emt 0:00:01]} c6 {[%emt 0:00:01]} 6. d4 {[%emt 0:00:05]} O-O {[%emt 0:00:02]} 7. Nc3 {[%emt 0:00:02]} Nbd7 {[%emt 0:00:04]} 8. b3 {[%emt 0:00:09]} b6 {[%emt 0:00:26]} 9. Qc2 {[%emt 0:00:04]} Bb7 {[%emt 0:00:05]} 10. e4 {[%emt 0:00:07]} dxe4 {[%emt 0:00:02]} 11. Nxe4 {[%emt 0:00:01]} Nxe4 {[%emt 0:00:03]} 12. Qxe4 {[%emt 0:00:02]} Nf6 {[%emt 0:00:01]} 13. Qc2 {[%emt 0:00:05]} c5 {[%emt 0:00:04]} 14. Rd1 {[%emt 0:00:21]} Qc8 {[%emt 0:00:19]} 15. dxc5 {[%emt 0:03:06]} Qxc5 {[%emt 0:00:29]} 16. Bb2 {[%emt 0:00:54]} Rad8 {[%emt 0:00:53]} 17. a4 {[%emt 0:01:08]} Qh5 {[%emt 0:00:11]} 18. Ne5 {[%emt 0:00:08]} Bxg2 {[%emt 0:00:15]} 19. Kxg2 {[%emt 0:00:02]} Bc5 {[%emt 0:00:52]} 20. h3 {[%emt 0:00:46]} Rxd1 {[%emt 0:03:51]} 21. Rxd1 {[%emt 0:01:32]} Ne4 {[%emt 0:00:34]} 22. g4 {[%emt 0:06:20]} Qh4 {[%emt 0:00:07]} 23. Nf3 {[%emt 0:00:01]} Qxf2+ {[%emt 0:00:13]} 24. Qxf2 {[%emt 0:00:01]} Nxf2 {[%emt 0:00:02]} 25. Rd7 {[%emt 0:00:13]} Ne4 {[%emt 0:02:36]} 26. Ne5 {[%emt 0:00:45]} a5 {[%emt 0:00:42]} 27. Nd3 {[%emt 0:00:18]} f6 {[%emt 0:04:10]} 28. Nf4 {[%emt 0:00:23]} Re8 {[%emt 0:00:10]} 29. Nh5 {[%emt 0:00:12]} Re7 {[%emt 0:00:12]} 30. Rd8+ {[%emt 0:00:08]} Kf7 {[%emt 0:00:01]} 31. h4 {[%emt 0:00:15]} e5 {[%emt 0:00:10]} 32. Kf3 {[%emt 0:00:07]} Nd6 {[%emt 0:00:06]} 33. Ng3 {[%emt 0:00:14]} g6 {[%emt 0:01:09]} 34. h5 {[%emt 0:00:25]} Ke6 {[%emt 0:00:13]} 35. Rg8 {[%emt 0:00:22]} Kf7 {[%emt 0:00:57]} 36. Rh8 {[%emt 0:00:02]} Kg7 {[%emt 0:00:12]} 37. Rd8 {[%emt 0:00:01]} Nf7 {[%emt 0:00:05]} 38. Rd5 {[%emt 0:00:14]} Ng5+ {[%emt 0:00:02]} 39. Ke2 {[%emt 0:00:02]} Ne6 {[%emt 0:00:04]} 40. Kf3 {[%emt 0:00:46]} Ng5+ {[%emt 0:00:40]} 41. Ke2 {[%emt 0:00:01]} Rb7 {[%emt 0:00:53]} 42. Bc1 {[%emt 0:00:01]} Ne6 {[%emt 0:00:06]} 43. h6+ {[%emt 0:00:01]} Kf7 {[%emt 0:00:03]} 44. Ne4 {[%emt 0:00:25]} Ke7 {[%emt 0:00:18]} 45. g5 {[%emt 0:01:09]} f5 {[%emt 0:00:22]} 46. Nf6 {[%emt 0:00:13]} Nd4+ {[%emt 0:00:31]} 47. Kd1 {[%emt 0:00:31]} Ke6 {[%emt 0:00:13]} 48. Bb2 {[%emt 0:00:18]} Nf3 {[%emt 0:00:23]} 49. Ke2 {[%emt 0:00:29]} Nxg5 {[%emt 0:00:16]} 50. Bxe5 {[%emt 0:00:21]} Ne4 {[%emt 0:00:11]} 51. Ne8 {[%emt 0:00:17]} Rd7 {[%emt 0:00:29]} 52. Nc7+ {[%emt 0:00:06]} Rxc7 {[%emt 0:00:04]} 53. Bxc7 {[%emt 0:00:03]} Nc3+ {[%emt 0:00:01] Be5} 0-1